Ricostruisci la Carriera del Calciatore - Adriano - Statistics

Statistiche generali
  • Questo quiz è stato fatto 29 volte
  • Il punteggio medio è 3 su 13
Statistiche sulle risposte
Hint Risposta % Corretto
2004-2007 Inter
64%
2010-2011 Roma
55%
2002-2004 Parma
50%
2002 Fiorentina
32%
2000-2001 Flamengo
27%
2001-2002 Inter
27%
2016 Miami Utd
27%
2011-2012 Corinthians
18%
2008-2009 Inter
18%
2007-2008 San Paolo
14%
2014 Atlético Paranaense
9%
2012 Flamengo
5%
2009-2010 Flamengo
0%
Nessun quiz corrispondente trovato
Distribuzione punteggi
Percentuale di utenti per punteggio
Percentile per numero di risposta
I tuoi punteggi nel tempo
Non hai fatto questo quiz